| 000 | 00494nam a22001697a 4500 | ||
|---|---|---|---|
| 999 |
_c6798 _d6798 |
||
| 003 | OSt | ||
| 005 | 20191008171600.0 | ||
| 008 | 931217s1993 fr |||||| 000 ||fre|d | ||
| 020 | _a2908830094 | ||
| 040 |
_bcat _cCDMR |
||
| 245 | 0 | 0 | _aCent photos pour la liberté de la presse |
| 260 |
_a[Montpellier] _bReporters sans frontières _ccop. 1993 |
||
| 300 |
_a91 p. : _bil.; _c30 cm |
||
| 650 | 0 | 4 |
_aLlibertat d'impremta _xFotografies _91582 |
| 710 | 2 |
_aReporters Sans Frontières _91923 |
|
| 942 | _cMON | ||